[Event "Montcalm III 2004-05"]
[Site "Quebec CAN"]
[Date "2004.12.02"]
[Round "3"]
[White "Fortier, Bertrand"]
[Black "Dion, Jean-Francois"]
[Result "1/2-1/2"]
[WhiteElo "1621"]
[BlackElo "1928"]
[PlyCount "73"]
[GameId "2160767911052529"]
[EventDate "2004.11.18"]
[EventType "swiss"]
[EventRounds "5"]
[EventCountry "CAN"]
[SourceTitle "EXT 2006"]
[Source "ChessBase"]
[SourceDate "2005.11.24"]
[SourceVersion "1"]
[SourceVersionDate "2005.11.24"]
[SourceQuality "1"]

1. d4 Nf6 2. Nf3 g6 3. Bf4 Bg7 4. e3 O-O 5. Nbd2 d6 6. Bd3 c5 7. c3 Nc6 8. Bg3 Nd7 9. O-O Qc7 10. Rc1 b6 11. Qe2 Bb7 12. e4 e5 13. d5 Ne7 14. Ba6 Bxa6 15. Qxa6 f5 16. Ng5 Qc8 17. Qxc8 Rfxc8 18. exf5 Nxf5 19. Nge4 Nf6 20. c4 Nxe4 21. Nxe4 a6 22. b3 h6 23. h3 Nd4 24. Rcd1 Bf8 25. f4 Ne2+ 26. Kh2 Nxg3 27. Kxg3 exf4+ 28. Rxf4 Be7 29. Rdf1 Rf8 30. Rxf8+ Rxf8 31. Rxf8+ Kxf8 32. Kf4 Kf7 33. g4 Bf8 34. h4 Ke7 35. h5 Kf7 36. a3 Be7 37. Kf3 1/2-1/2

[Event "Montcalm III 2004-05"]
[Site "Quebec CAN"]
[Date "2004.12.02"]
[Round "3"]
[White "L'Heureux, Clement"]
[Black "Theriault, Francis"]
[Result "0-1"]
[WhiteElo "2051"]
[BlackElo "1631"]
[PlyCount "58"]
[GameId "2160767911052530"]
[EventDate "2004.11.18"]
[EventType "swiss"]
[EventRounds "5"]
[EventCountry "CAN"]
[SourceTitle "EXT 2006"]
[Source "ChessBase"]
[SourceDate "2005.11.24"]
[SourceVersion "1"]
[SourceVersionDate "2005.11.24"]
[SourceQuality "1"]

1. d4 d5 2. c4 e6 3. Nf3 Nf6 4. Nc3 c6 5. Bg5 Nbd7 6. e3 Be7 7. Bd3 O-O 8. O-O Re8 9. Qc2 a6 10. Rac1 dxc4 11. Bxc4 b5 12. Bd3 c5 13. Bxf6 Nxf6 14. dxc5 Bxc5 15. Ne4 Be7 16. Nxf6+ Bxf6 17. Bxh7+ Kh8 18. Be4 Rb8 19. Rfd1 Qe7 20. Qc7 Qxc7 21. Rxc7 Kg8 22. b3 Bd8 23. Rc2 Bf6 24. g3 e5 25. Kg2 g6 26. Bc6 Rf8 27. e4 Kg7 28. Rc5 Rb6 29. Rdc1 Be7 0-1

[Event "Montcalm III 2004-05"]
[Site "Quebec CAN"]
[Date "2004.12.02"]
[Round "3"]
[White "Laflamme, Simon"]
[Black "Lapierre, Gaetan"]
[Result "0-1"]
[WhiteElo "1912"]
[BlackElo "1798"]
[PlyCount "46"]
[GameId "2160767911052531"]
[EventDate "2004.11.18"]
[EventType "swiss"]
[EventRounds "5"]
[EventCountry "CAN"]
[SourceTitle "EXT 2006"]
[Source "ChessBase"]
[SourceDate "2005.11.24"]
[SourceVersion "1"]
[SourceVersionDate "2005.11.24"]
[SourceQuality "1"]

1. d4 Nf6 2. Nc3 d5 3. e4 Nxe4 4. Nxe4 dxe4 5. Bc4 e6 6. f3 exf3 7. Nxf3 Be7 8. O-O Nd7 9. Qe1 c6 10. Qg3 Bf6 11. c3 h6 12. Ne5 Nxe5 13. dxe5 Bg5 14. Bxg5 Qxg5 15. Qxg5 hxg5 16. Rad1 Ke7 17. Rd3 f6 18. Rdf3 Rh6 19. g4 Bd7 20. h4 Rxh4 21. exf6+ gxf6 22. Rxf6 Rxg4+ 23. Kf2 Kxf6 0-1

[Event "Montcalm III 2004-05"]
[Site "Quebec CAN"]
[Date "2004.12.02"]
[Round "3"]
[White "Laplante, Jean-Simon"]
[Black "Bourassa, Andre"]
[Result "1-0"]
[WhiteElo "1461"]
[BlackElo "1721"]
[PlyCount "47"]
[GameId "2160767911052532"]
[EventDate "2004.11.18"]
[EventType "swiss"]
[EventRounds "5"]
[EventCountry "CAN"]
[SourceTitle "EXT 2022"]
[Source "ChessBase"]
[SourceDate "2021.10.06"]
[SourceVersion "1"]
[SourceVersionDate "2021.10.06"]
[SourceQuality "1"]

1. e4 c5 2. Nf3 d6 3. d4 cxd4 4. Nxd4 Nf6 5. Nc3 a6 6. Bc4 Qc7 7. Bb3 e5 8. Nde2 Be7 9. f3 b5 10. Be3 O-O 11. Nd5 Nxd5 12. Bxd5 Bb7 13. Bb3 Nd7 14. Nc3 Nb6 15. Qd2 Rac8 16. O-O-O Nc4 17. Bxc4 Qxc4 18. Kb1 f5 19. Nd5 Bxd5 20. Qxd5+ Qxd5 21. Rxd5 fxe4 22. fxe4 Rc4 23. Bb6 Rf2 24. Bxf2 1-0

[Event "Montcalm III 2004-05"]
[Site "Quebec CAN"]
[Date "2004.12.02"]
[Round "3"]
[White "Lessard, Claude"]
[Black "Bender, Karl"]
[Result "1-0"]
[WhiteElo "1948"]
[BlackElo "1591"]
[PlyCount "49"]
[GameId "2160767911052533"]
[EventDate "2004.11.18"]
[EventType "swiss"]
[EventRounds "5"]
[EventCountry "CAN"]
[SourceTitle "EXT 2006"]
[Source "ChessBase"]
[SourceDate "2005.11.24"]
[SourceVersion "1"]
[SourceVersionDate "2005.11.24"]
[SourceQuality "1"]

1. d4 d5 2. c4 e6 3. Nf3 Nf6 4. Bg5 c6 5. e3 Qa5+ 6. Nc3 Ne4 7. c5 Nxg5 8. Nxg5 Be7 9. f4 b6 10. cxb6 axb6 11. Bd3 g6 12. O-O Ba6 13. Bxa6 Nxa6 14. e4 h6 15. Nf3 dxe4 16. Nxe4 Qf5 17. Qe2 O-O 18. Ne5 g5 19. fxg5 Qh7 20. Nd7 Qg7 21. Nef6+ Kh8 22. gxh6 Qxh6 23. Qe5 Bxf6 24. Nxf6 Qg6 25. Rf3 1-0

[Event "Montcalm III 2004-05"]
[Site "Quebec CAN"]
[Date "2004.12.02"]
[Round "3"]
[White "Ouellet, Michel"]
[Black "Berube, Antoine"]
[Result "1/2-1/2"]
[WhiteElo "1838"]
[BlackElo "2099"]
[PlyCount "91"]
[GameId "2160767911052534"]
[EventDate "2004.11.18"]
[EventType "swiss"]
[EventRounds "5"]
[EventCountry "CAN"]
[SourceTitle "EXT 2006"]
[Source "ChessBase"]
[SourceDate "2005.11.24"]
[SourceVersion "1"]
[SourceVersionDate "2005.11.24"]
[SourceQuality "1"]

1. e4 c5 2. Nc3 Nc6 3. g3 g6 4. Bg2 Bg7 5. d3 d6 6. Be3 Rb8 7. f4 e6 8. Nf3 Nd4 9. O-O b5 10. Qd2 Ne7 11. Qf2 Nec6 12. Nh4 f5 13. exf5 exf5 14. Nd5 O-O 15. c3 Ne6 16. Nf3 Nc7 17. Nxc7 Qxc7 18. d4 c4 19. d5 Ne7 20. Bxa7 Ra8 21. Bd4 h6 22. Bxg7 Kxg7 23. Nd4 Rb8 24. a3 Qc5 25. Nc2 Bb7 26. Rad1 Rbd8 27. Nb4 Qc7 28. Rfe1 Ng8 29. Re2 Rfe8 30. Rde1 Rxe2 31. Qxe2 Rd7 32. Nc2 Qc5+ 33. Nd4 Nf6 34. Kf1 Bxd5 35. Ne6+ Bxe6 36. Qxe6 Rf7 37. Bf3 Rf8 38. Qe7+ Rf7 39. Qe3 Qc7 40. Qd4 Re7 41. Rxe7+ Qxe7 42. Bc6 Kh7 43. Bxb5 Ng4 44. h3 Ne3+ 45. Kf2 Nc2 46. Qd2 1/2-1/2

[Event "Montcalm III 2004-05"]
[Site "Quebec CAN"]
[Date "2004.12.09"]
[Round "4"]
[White "Dion, Jean-Francois"]
[Black "Bisson, Real"]
[Result "1-0"]
[WhiteElo "1928"]
[BlackElo "1706"]
[PlyCount "133"]
[GameId "2160767911052535"]
[EventDate "2004.11.18"]
[EventType "swiss"]
[EventRounds "5"]
[EventCountry "CAN"]
[SourceTitle "EXT 2006"]
[Source "ChessBase"]
[SourceDate "2005.11.24"]
[SourceVersion "1"]
[SourceVersionDate "2005.11.24"]
[SourceQuality "1"]

1. d4 Nf6 2. Nf3 g6 3. Bf4 Bg7 4. h3 c5 5. c3 O-O 6. e3 cxd4 7. exd4 d6 8. Bd3 Nc6 9. O-O Qb6 10. Qb3 Qxb3 11. axb3 Nd5 12. Bg3 e5 13. Be4 Nf4 14. Re1 d5 15. Bxf4 dxe4 16. Nxe5 Nxe5 17. Bxe5 f6 18. Bf4 Re8 19. f3 g5 20. Bh2 e3 21. Nd2 Bf5 22. Nc4 Bc2 23. Nxe3 Bxb3 24. Nf5 a6 25. Nd6 Rxe1+ 26. Rxe1 b5 27. Ne4 Kf7 28. g4 Kg6 29. Ra1 Bd5 30. Kf2 f5 31. Nc5 a5 32. Re1 f4 33. Ne6 Ra7 34. h4 h6 35. Nc5 b4 36. hxg5 hxg5 37. Ne6 bxc3 38. bxc3 Bf6 39. Bg1 a4 40. Nc5 a3 41. Ra1 a2 42. Ke2 Ra3 43. Ne4 Be7 44. Kd2 Ra5 45. Kc2 Rb5 46. Nd2 Ra5 47. c4 Bc6 48. Kb2 Ba3+ 49. Kb3 Bc1 50. Ne4 Ra3+ 51. Kc2 Rxf3 52. d5 Bd7 53. Kxc1 Bxg4 54. Kb2 Bf5 55. Nc3 g4 56. Rxa2 Rf1 57. Ra1 Rxa1 58. Kxa1 g3 59. Ne2 Kg5 60. Ba7 Kg4 61. Bb8 Kf3 62. Nd4+ Ke4 63. Nxf5 Kxf5 64. d6 Ke6 65. d7 Kxd7 66. Bxf4 g2 67. Be3 1-0

[Event "Montcalm III 2004-05"]
[Site "Quebec CAN"]
[Date "2004.12.09"]
[Round "4"]
[White "Lessard, Claude"]
[Black "Fortier, Bertrand"]
[Result "1-0"]
[WhiteElo "1948"]
[BlackElo "1621"]
[PlyCount "87"]
[GameId "2160767911052536"]
[EventDate "2004.11.18"]
[EventType "swiss"]
[EventRounds "5"]
[EventCountry "CAN"]
[SourceTitle "EXT 2006"]
[Source "ChessBase"]
[SourceDate "2005.11.24"]
[SourceVersion "1"]
[SourceVersionDate "2005.11.24"]
[SourceQuality "1"]

1. d4 d5 2. c4 e6 3. Nf3 Nf6 4. Nc3 Be7 5. Bf4 c6 6. e3 O-O 7. Bd3 dxc4 8. Bxc4 Nd5 9. Bxb8 Rxb8 10. O-O b5 11. Bd3 a6 12. Rc1 Bb7 13. Ne4 Rc8 14. Nc5 Bxc5 15. Rxc5 Nf6 16. Ne5 Nd7 17. Nxd7 Qxd7 18. Qc2 g6 19. Be4 Rc7 20. Rc1 Rfc8 21. h4 Qe7 22. g3 Kg7 23. b4 h6 24. a4 bxa4 25. Qxa4 g5 26. hxg5 hxg5 27. Qa1 Qf6 28. Qa5 g4 29. Rg5+ Kf8 30. Rxg4 Qe7 31. Rh4 Ke8 32. Qc5 Kd7 33. Qxe7+ Kxe7 34. Rc5 Kd6 35. Ra5 Ra8 36. Rh7 Rb8 37. Bd3 Bc8 38. Bxa6 Bxa6 39. Rxa6 Rxb4 40. Ra8 Rb1+ 41. Kg2 Rcb7 42. Rf8 R7b2 43. Rhxf7 Re1 44. Rd8# 1-0

[Event "Montcalm III 2004-05"]
[Site "Quebec CAN"]
[Date "2004.12.09"]
[Round "4"]
[White "Moisan, Francois"]
[Black "Ouellet, Michel"]
[Result "1/2-1/2"]
[WhiteElo "1830"]
[BlackElo "1838"]
[PlyCount "115"]
[GameId "2160767911052537"]
[EventDate "2004.11.18"]
[EventType "swiss"]
[EventRounds "5"]
[EventCountry "CAN"]
[SourceTitle "EXT 2006"]
[Source "ChessBase"]
[SourceDate "2005.11.24"]
[SourceVersion "1"]
[SourceVersionDate "2005.11.24"]
[SourceQuality "1"]

1. e4 d6 2. d4 Nf6 3. Nc3 g6 4. f4 Bg7 5. Nf3 c5 6. Be2 cxd4 7. Nxd4 O-O 8. Be3 Nbd7 9. Nb3 b6 10. Bf3 Bb7 11. O-O Rb8 12. Qe2 Qc8 13. Rfe1 Re8 14. Rad1 Nc5 15. Bd4 Ne6 16. Be3 Nd7 17. Nd4 Nxd4 18. Bxd4 Bxd4+ 19. Rxd4 Qc5 20. Qf2 e5 21. Rd2 exf4 22. Qxc5 Nxc5 23. Rxd6 Rbd8 24. Rxd8 Rxd8 25. Re2 Kg7 26. h4 Rd4 27. a3 Nd7 28. Nd5 Bxd5 29. exd5 Kf6 30. Re4 Rxe4 31. Bxe4 Ke5 32. Bf3 Nf6 33. c4 Ne8 34. b4 Nd6 35. c5 bxc5 36. bxc5 Nb7 37. c6 Nd6 38. Kf1 h6 39. c7 Nc8 40. h5 Kd6 41. hxg6 fxg6 42. Be4 g5 43. Kf2 Kxc7 44. Kf3 Kd6 45. Kg4 Ne7 46. Kh5 Nxd5 47. Kxh6 Nf6 48. Bb7 g4 49. Kg5 Ke5 50. a4 a5 51. Bc6 g3 52. Kh4 Nd5 53. Kg4 Nb4 54. Bb7 Nc2 55. Kf3 Nd4+ 56. Kg4 Nb3 57. Kf3 Nd2+ 58. Kg4 1/2-1/2

[Event "Montcalm III 2004-05"]
[Site "Quebec CAN"]
[Date "2004.12.09"]
[Round "4"]
[White "Sauve, Richard"]
[Black "Lapierre, Gaetan"]
[Result "1/2-1/2"]
[WhiteElo "2041"]
[BlackElo "1798"]
[PlyCount "114"]
[GameId "2160767911052538"]
[EventDate "2004.11.18"]
[EventType "swiss"]
[EventRounds "5"]
[EventCountry "CAN"]
[SourceTitle "EXT 2006"]
[Source "ChessBase"]
[SourceDate "2005.11.24"]
[SourceVersion "1"]
[SourceVersionDate "2005.11.24"]
[SourceQuality "1"]

1. d4 Nf6 2. c4 g6 3. Nc3 Bg7 4. e4 d6 5. f3 O-O 6. Be3 e5 7. d5 Ne8 8. Bd3 Bh6 9. Qd2 Bxe3 10. Qxe3 f5 11. exf5 gxf5 12. O-O-O Nd7 13. Nge2 Nc5 14. Bc2 f4 15. Qf2 a5 16. g3 fxg3 17. hxg3 Bf5 18. Bxf5 Rxf5 19. Kb1 Qf6 20. f4 Qg6 21. Ka1 Nf6 22. Rh4 a4 23. a3 Ng4 24. Qf3 h5 25. Ne4 Nxe4 26. Qxe4 Nf2 27. Qc2 Nxd1 28. Qxd1 exf4 29. gxf4 Re8 30. Nd4 Rf7 31. f5 Qg3 32. Qxh5 Re1+ 33. Ka2 Kf8 34. Qh8+ Ke7 35. f6+ Kd7 36. Rh7 Qg6 37. Rxf7+ Qxf7 38. Qg7 Qxg7 39. fxg7 Rg1 40. Ne6 c6 41. b4 axb3+ 42. Kxb3 cxd5 43. cxd5 Ke7 44. Kb4 Kf6 45. Kb5 Ke5 46. Kb6 Kxd5 47. Nc7+ Ke5 48. Kxb7 Rxg7 49. Kc6 Rxc7+ 50. Kxc7 d5 51. a4 d4 52. a5 d3 53. a6 d2 54. a7 d1=Q 55. a8=Q Qd6+ 56. Kb7 Qd5+ 57. Ka7 Qxa8+ 1/2-1/2

[Event "Montcalm III 2004-05"]
[Site "Quebec CAN"]
[Date "2004.12.09"]
[Round "4"]
[White "Theriault, Francis"]
[Black "Laflamme, Simon"]
[Result "0-1"]
[WhiteElo "1631"]
[BlackElo "1912"]
[PlyCount "46"]
[GameId "2160767911052539"]
[EventDate "2004.11.18"]
[EventType "swiss"]
[EventRounds "5"]
[EventCountry "CAN"]
[SourceTitle "EXT 2006"]
[Source "ChessBase"]
[SourceDate "2005.11.24"]
[SourceVersion "1"]
[SourceVersionDate "2005.11.24"]
[SourceQuality "1"]

1. d4 Nf6 2. c4 g6 3. Nc3 Bg7 4. e4 d6 5. Nf3 O-O 6. Be2 e5 7. d5 a5 8. O-O Na6 9. b3 Nh5 10. Ne1 Nf4 11. Bb2 Nxe2+ 12. Qxe2 f5 13. f3 Nc5 14. Nd3 Nxd3 15. Qxd3 f4 16. a3 g5 17. b4 g4 18. c5 Rf6 19. Qe2 Rg6 20. Kh1 g3 21. Kg1 gxh2+ 22. Kxh2 Qh4+ 23. Kg1 Rh6 0-1

[Event "Montcalm III 2004-05"]
[Site "Quebec CAN"]
[Date "2004.12.16"]
[Round "5"]
[White "Berube, Antoine"]
[Black "Sauve, Richard"]
[Result "0-1"]
[WhiteElo "2099"]
[BlackElo "2041"]
[PlyCount "76"]
[GameId "2160767911052540"]
[EventDate "2004.11.18"]
[EventType "swiss"]
[EventRounds "5"]
[EventCountry "CAN"]
[SourceTitle "EXT 2006"]
[Source "ChessBase"]
[SourceDate "2005.11.24"]
[SourceVersion "1"]
[SourceVersionDate "2005.11.24"]
[SourceQuality "1"]

1. e4 e6 2. d4 d5 3. Nc3 Nf6 4. e5 Nfd7 5. f4 c5 6. Nf3 Nc6 7. Be3 cxd4 8. Nxd4 Bc5 9. Qd2 O-O 10. O-O-O a6 11. h4 Nxd4 12. Bxd4 b5 13. Rh3 b4 14. Na4 Bxd4 15. Qxd4 a5 16. Bb5 Rb8 17. Bd3 Qc7 18. g4 Qc6 19. b3 Ba6 20. h5 Bxd3 21. Rhxd3 Rbc8 22. R1d2 f6 23. exf6 Nxf6 24. Rg2 Rc7 25. f5 exf5 26. g5 Nxh5 27. Rh2 Rd8 28. c4 g6 29. Kb1 Ng7 30. Rhd2 Ne6 31. Qg1 d4 32. Nb2 Qe4 33. Ka1 Rcd7 34. Na4 Qf4 35. Rg2 Qe5 36. Nb6 Rd6 37. Nd5 Rxd5 38. cxd5 Nf4 0-1

[Event "Montcalm III 2004-05"]
[Site "Quebec CAN"]
[Date "2004.12.16"]
[Round "5"]
[White "Chevalier, Philippe"]
[Black "Bourassa, Andre"]
[Result "1-0"]
[WhiteElo "1564"]
[BlackElo "1721"]
[PlyCount "119"]
[GameId "2160767911052541"]
[EventDate "2004.11.18"]
[EventType "swiss"]
[EventRounds "5"]
[EventCountry "CAN"]
[SourceTitle "EXT 2022"]
[Source "ChessBase"]
[SourceDate "2021.10.06"]
[SourceVersion "1"]
[SourceVersionDate "2021.10.06"]
[SourceQuality "1"]

1. e4 c5 2. Nf3 d6 3. Bb5+ Bd7 4. a4 Nc6 5. O-O Qc7 6. c3 a6 7. Bc4 Na5 8. Ba2 e6 9. d4 c4 10. Nbd2 Qc6 11. d5 exd5 12. exd5 Qxa4 13. Qxa4 Bxa4 14. Nxc4 Nxc4 15. Bxc4 Bd7 16. Bf4 f6 17. Nd4 Kf7 18. Rfe1 g5 19. Bg3 h5 20. h4 g4 21. Ne6 Be7 22. Bd3 Nh6 23. c4 Rae8 24. b4 Ra8 25. c5 dxc5 26. bxc5 Bxe6 27. dxe6+ Kg7 28. Rab1 Ra7 29. Bd6 Re8 30. Re3 f5 31. g3 Kf6 32. Rb6 Bd8 33. Be5+ Kg6 34. Rd6 Be7 35. Rd7 Ng8 36. Bd6 Kf6 37. Bc4 Rc8 38. Bd5 a5 39. Bxb7 Re8 40. Be5+ Kg6 41. c6 Nf6 42. Bd4 Rxb7 43. cxb7 Bb4 44. Bxf6 Kxf6 45. Rf7+ Kg6 46. Rc7 Bd6 47. Rc6 f4 48. gxf4 Bxf4 49. Ra3 Re7 50. Rxa5 Rxb7 51. e7+ Kf7 52. Rf5+ Kxe7 53. Rxf4 Rb5 54. Rd4 Rf5 55. Rc7+ Ke6 56. Rc6+ Ke7 57. Rh6 Rc5 58. Ra4 Kd7 59. Ra7+ Rc7 60. Rh7+ 1-0

[Event "Montcalm III 2004-05"]
[Site "Quebec CAN"]
[Date "2004.12.16"]
[Round "5"]
[White "Dumont, Eric"]
[Black "Lachance, Norbert"]
[Result "1-0"]
[WhiteElo "1502"]
[BlackElo "1631"]
[PlyCount "101"]
[GameId "2160767911052542"]
[EventDate "2004.11.18"]
[EventType "swiss"]
[EventRounds "5"]
[EventCountry "CAN"]
[SourceTitle "EXT 2006"]
[Source "ChessBase"]
[SourceDate "2005.11.24"]
[SourceVersion "1"]
[SourceVersionDate "2005.11.24"]
[SourceQuality "1"]

1. e4 c5 2. Nc3 d6 3. f4 Nc6 4. Bb5 Bd7 5. Nf3 g6 6. O-O Bg7 7. d3 a6 8. Bxc6 Bxc6 9. Bd2 Qb6 10. Rb1 e6 11. Qe2 Ne7 12. Kh1 O-O 13. Qf2 Qc7 14. Ng5 Rae8 15. Qh4 h6 16. Nf3 Kh7 17. Ne2 Ng8 18. Ng5+ Kh8 19. Bc3 Bxc3 20. Nxc3 Kg7 21. Nf3 f5 22. Nd2 b5 23. a3 a5 24. a4 b4 25. Ne2 Bxa4 26. b3 Bb5 27. Rf3 Qe7 28. Qg3 Nf6 29. c4 Bc6 30. Re3 fxe4 31. dxe4 Nh5 32. Qg4 Bd7 33. Ng3 Nxg3+ 34. Rxg3 Qf7 35. Rf3 h5 36. Qg3 Qe7 37. Rd3 Bc6 38. f5 exf5 39. Rxd6 Rf6 40. Rxf6 Qxf6 41. Qc7+ Re7 42. Qxa5 Qd6 43. Nf3 Qd3 44. Qa1+ Kh7 45. Ng5+ Kh6 46. h4 Rg7 47. Rd1 Qg3 48. Ne6 Qxh4+ 49. Kg1 Rg8 50. Rd8 Qxe4 51. Qh8+ 1-0

[Event "Montcalm III 2004-05"]
[Site "Quebec CAN"]
[Date "2004.12.16"]
[Round "5"]
[White "L'Heureux, Clement"]
[Black "Laplante, Jean-Simon"]
[Result "1-0"]
[WhiteElo "2051"]
[BlackElo "1461"]
[PlyCount "55"]
[GameId "2160767911052543"]
[EventDate "2004.11.18"]
[EventType "swiss"]
[EventRounds "5"]
[EventCountry "CAN"]
[SourceTitle "EXT 2006"]
[Source "ChessBase"]
[SourceDate "2005.11.24"]
[SourceVersion "1"]
[SourceVersionDate "2005.11.24"]
[SourceQuality "1"]

1. e4 c5 2. Nf3 d6 3. d4 cxd4 4. Nxd4 Nf6 5. Nc3 a6 6. Bg5 e6 7. f4 Be7 8. Qf3 Nbd7 9. O-O-O Qc7 10. g4 b5 11. Bxf6 Bxf6 12. g5 Be7 13. f5 Bxg5+ 14. Kb1 e5 15. Ne6 fxe6 16. Qh5+ Kf8 17. Qxg5 Nf6 18. Bh3 exf5 19. Bxf5 Bxf5 20. Qxf5 Ke7 21. Rhg1 Rhg8 22. Rdf1 Raf8 23. Qh3 Qc4 24. b3 Qe6 25. Qe3 Rc8 26. Qa7+ Qd7 27. Nd5+ Nxd5 28. Rf7+ 1-0

[Event "Montcalm III 2004-05"]
[Site "Quebec CAN"]
[Date "2004.12.16"]
[Round "5"]
[White "Perreault, Jacquelin"]
[Black "Fortier, Bertrand"]
[Result "1-0"]
[WhiteElo "1747"]
[BlackElo "1621"]
[PlyCount "57"]
[GameId "2160767911052544"]
[EventDate "2004.11.18"]
[EventType "swiss"]
[EventRounds "5"]
[EventCountry "CAN"]
[SourceTitle "EXT 2006"]
[Source "ChessBase"]
[SourceDate "2005.11.24"]
[SourceVersion "1"]
[SourceVersionDate "2005.11.24"]
[SourceQuality "1"]

1. e4 e6 2. d4 d5 3. Nd2 Nf6 4. e5 Nfd7 5. Bd3 c5 6. c3 Nc6 7. Ne2 Be7 8. O-O O-O 9. Nf3 Re8 10. Re1 f6 11. Nf4 Nf8 12. exf6 Bxf6 13. Nh5 Be7 14. Ne5 cxd4 15. cxd4 Bf6 16. Qg4 Qe7 17. Nxf6+ Qxf6 18. Bg5 Nxe5 19. dxe5 Qf7 20. Re3 Nd7 21. Bxh7+ Kxh7 22. Rh3+ Kg8 23. Qh4 Qg6 24. Qh8+ Kf7 25. Rf3+ Nf6 26. Qh4 Kg8 27. exf6 Rf8 28. fxg7 Rxf3 29. Qh8+ 1-0

[Event "Montcalm III 2004-05"]
[Site "Quebec CAN"]
[Date "2004.12.16"]
[Round "5"]
[White "Theriault, Francis"]
[Black "Auger, Bertrand"]
[Result "0-1"]
[WhiteElo "1631"]
[BlackElo "1946"]
[PlyCount "66"]
[GameId "2160767911052545"]
[EventDate "2004.11.18"]
[EventType "swiss"]
[EventRounds "5"]
[EventCountry "CAN"]
[SourceTitle "EXT 2006"]
[Source "ChessBase"]
[SourceDate "2005.11.24"]
[SourceVersion "1"]
[SourceVersionDate "2005.11.24"]
[SourceQuality "1"]

1. d4 e6 2. c4 Nf6 3. Nc3 Bb4 4. a3 Bxc3+ 5. bxc3 b6 6. Nf3 Bb7 7. e3 O-O 8. Bd3 d6 9. Qe2 Ne4 10. O-O f5 11. Qc2 Nd7 12. Nd2 Nef6 13. d5 Ne5 14. dxe6 Nxd3 15. Qxd3 Qe7 16. Qxf5 Nd7 17. Qg4 Nc5 18. f4 Nxe6 19. Nf3 Nc5 20. Nd4 Qe4 21. h4 Rae8 22. Rf3 Qe7 23. Rf1 Ne4 24. Qh3 c5 25. Ne2 Bc8 26. Qh2 Qe6 27. Ng3 Bb7 28. f5 Qe5 29. Nxe4 Qxe4 30. Rf4 Qd3 31. g4 Re4 32. Rxe4 Qxe4 33. Qh3 h5 0-1

[Event "Montcalm IV 2003-04"]
[Site "Quebec CAN"]
[Date "2004.01.15"]
[Round "1"]
[White "Audet-Bouchard, Nicolas"]
[Black "Sauve, Richard"]
[Result "0-1"]
[WhiteElo "2185"]
[BlackElo "1960"]
[PlyCount "58"]
[GameId "2160767911200650"]
[EventDate "2004.01.15"]
[EventType "tourn"]
[EventRounds "5"]
[EventCountry "CAN"]
[SourceTitle "EXT 2005"]
[Source "ChessBase"]
[SourceDate "2004.11.15"]
[SourceVersion "1"]
[SourceVersionDate "2004.11.15"]
[SourceQuality "1"]

1. e4 e6 2. d4 d5 3. Nc3 Nf6 4. Bg5 Bb4 5. e5 h6 6. Bd2 Bxc3 7. bxc3 Ne4 8. Qg4 g6 9. Bd3 Nxd2 10. Kxd2 c5 11. h4 Nc6 12. Nh3 Qa5 13. h5 g5 14. f4 cxd4 15. Rab1 dxc3+ 16. Ke2 d4 17. Nf2 b6 18. Ne4 Ba6 19. Nf6+ Ke7 20. Qf3 Bxd3+ 21. Qxd3 gxf4 22. Rb5 Nxe5 23. Rxa5 Nxd3 24. Rb5 Nc5 25. Ng4 f6 26. Kf3 e5 27. Re1 Rag8 28. a4 Rg5 29. a5 e4+ 0-1

[Event "Montcalm IV 2003-04"]
[Site "Quebec CAN"]
[Date "2004.01.15"]
[Round "1"]
[White "Marquis, Paul"]
[Black "Lessard, Claude"]
[Result "0-1"]
[WhiteElo "1968"]
[BlackElo "1980"]
[PlyCount "124"]
[GameId "2160767911200651"]
[EventDate "2004.01.15"]
[EventType "tourn"]
[EventRounds "5"]
[EventCountry "CAN"]
[SourceTitle "EXT 2005"]
[Source "ChessBase"]
[SourceDate "2004.11.15"]
[SourceVersion "1"]
[SourceVersionDate "2004.11.15"]
[SourceQuality "1"]

1. e4 c5 2. Nf3 d6 3. d4 cxd4 4. Nxd4 Nf6 5. Nc3 g6 6. Bc4 Bg7 7. O-O O-O 8. Bb3 a6 9. h3 b5 10. Re1 Bb7 11. a4 b4 12. Nd5 Nbd7 13. Nxb4 Nxe4 14. Nbc6 Nxf2 15. Nxd8 Nxd1 16. Nxb7 Bxd4+ 17. Kf1 Nxb2 18. Ra2 Rab8 19. Na5 Bc3 20. Nc6 Rxb3 21. cxb3 Bxe1 22. Nxe7+ Kg7 23. Bxb2+ f6 24. Nf5+ gxf5 25. Kxe1 Nc5 26. b4 Nd3+ 27. Ke2 Nxb4 28. Ra3 Re8+ 29. Kf3 Re4 30. a5 Nc6 31. Rd3 Ne5+ 32. Bxe5 Rxe5 33. Rxd6 Rxa5 34. g3 Ra1 35. Rd7+ Kg6 36. Ra7 a5 37. Kg2 h5 38. Kf3 a4 39. Kg2 a3 40. Kf3 a2 41. Kg2 f4 42. gxf4 Kf5 43. Ra4 h4 44. Kh2 Ke6 45. Ra5 Kd6 46. Kg2 Kc6 47. Kh2 Kb6 48. Ra8 Kc5 49. Ra4 Kb5 50. Ra8 Kc4 51. Kg2 f5 52. Ra4+ Kd3 53. Kh2 Ke2 54. Ra3 Kf2 55. Rf3+ Ke2 56. Ra3 Kd2 57. Kg2 Kc2 58. Ra8 Kd3 59. Ra4 Ke3 60. Kh2 Kf3 61. Ra3+ Kxf4 62. Rf3+ Ke4 0-1

[Event "Montcalm IV 2003-04"]
[Site "Quebec CAN"]
[Date "2004.01.15"]
[Round "1"]
[White "Poliquin, Yvone"]
[Black "Bourassa, Andre"]
[Result "1-0"]
[WhiteElo "1833"]
[BlackElo "1703"]
[PlyCount "73"]
[GameId "2160767911200652"]
[EventDate "2004.01.15"]
[EventType "tourn"]
[EventRounds "5"]
[EventCountry "CAN"]
[SourceTitle "EXT 2005"]
[Source "ChessBase"]
[SourceDate "2004.11.15"]
[SourceVersion "1"]
[SourceVersionDate "2004.11.15"]
[SourceQuality "1"]

1. e4 c5 2. Nf3 d6 3. c3 g6 4. d4 cxd4 5. cxd4 Bg7 6. Nc3 Nf6 7. Bc4 Nc6 8. d5 Nb8 9. h3 O-O 10. Be3 Nbd7 11. O-O Nc5 12. Qc2 a6 13. b4 Ncd7 14. a4 Nxe4 15. Nxe4 Bxa1 16. Rxa1 Nf6 17. Bb3 Bf5 18. Nfd2 Rc8 19. Qd3 Nd7 20. Bh6 Re8 21. Qd4 f6 22. a5 Ne5 23. Be3 Qd7 24. Ba4 Qc7 25. Bxe8 Rxe8 26. f4 Nf7 27. g4 Bd7 28. Nf3 f5 29. Nf2 e5 30. dxe6 Bxe6 31. Rc1 Qd7 32. Bd2 Qa4 33. Bc3 Kf8 34. g5 Qb3 35. Re1 Re7 36. Rxe6 Nxg5 37. Qh8+ 1-0

[Event "Montcalm IV 2003-04"]
[Site "Quebec CAN"]
[Date "2004.01.22"]
[Round "2"]
[White "Berube, Antoine"]
[Black "Bourassa, Andre"]
[Result "1-0"]
[WhiteElo "1875"]
[BlackElo "1698"]
[PlyCount "57"]
[GameId "2160767911200653"]
[EventDate "2004.01.15"]
[EventType "tourn"]
[EventRounds "5"]
[EventCountry "CAN"]

1. e4 c5 2. Nf3 d6 3. d4 cxd4 4. Nxd4 Nf6 5. Nc3 e6 6. g4 d5 7. e5 Bb4 8. exf6 Qxf6 9. Bb5+ Bd7 10. O-O Nc6 11. Be3 Bxc3 12. bxc3 e5 13. Nb3 h5 14. g5 Qg6 15. Qxd5 O-O-O 16. Bxc6 Bxc6 17. Qc4 Kb8 18. f4 exf4 19. Qxf4+ Ka8 20. Nd4 Rxd4 21. Qxd4 b6 22. Rf2 Re8 23. a4 Qe6 24. Bd2 Qh3 25. a5 b5 26. Re1 Rc8 27. Re7 Qg4+ 28. Qxg4 hxg4 29. Rfxf7 1-0